| 000 | 00335 a2200121 4500 | ||
|---|---|---|---|
| 020 | _a0471856401 | ||
| 082 | _a624.15136 MIT | ||
| 100 | _aMitchell, James Kenneth, | ||
| 245 |
_aFundamentals of soil behavior _cJames K. Mitchell. |
||
| 250 | _a2nd ed. | ||
| 260 |
_aNew York : _bWiley, _c1993. |
||
| 300 |
_axiii, 437 p. : _bill. ; _c29 cm. |
||
| 650 | _aSoil mechanics. | ||
| 999 |
_c317 _d317 |
||